000 00659nam a22002057a 4500
001 15620
003 BD-RjUL
005 20211208235846.0
008 140210s1998 bd a|||| |||| 000 0 eng d
035 _a(BD-RjUL) 15675
040 _aBD-RjUL
_beng
_cBD-RjUL
_dBD-RjUL
041 _aeng
082 _a677.13095414
_bALJ 1998
100 _aAli, Md. Wazed
_948497
245 _aJute in the agrarian history of Bengal, 1870-1914 :
_ba study in primary production /
_c Md. Wazed Ali
260 _aBangladesh :
_bUttaran printing press,
_c1998.
300 _a224 p. :
_bills. ;
_c18 cm.
650 _aJute industry
_zIndia
_zWest Bengal.
_9205746
942 _2ddc
_cBK
999 _c15620
_d15620